| 000 | 00476nam a2200169Ia 4500 | ||
|---|---|---|---|
| 008 | 131103s9999 xx 000 0 und d | ||
| 040 | _aLoreto College | ||
| 041 | _aEnglish | ||
| 082 |
_aREF _bLCBED/7268 |
||
| 100 | _aMilford, E.M. | ||
| 245 | 4 |
_aThe field of the embroidered quilt _b A tale of two indian villages _cE.M.Milford |
|
| 260 |
_aBombay _bOxford University Press _c1939 |
||
| 300 |
_a60p _b ill. _c 22cm. |
||
| 650 | _aREF | ||
| 850 | _aLCBED/REF | ||
| 942 | _cBK | ||
| 999 |
_c34560 _d85039 |
||